[Event "22nd Alekhine Master 2018"]
[Site "Voronezh"]
[Date "2018.06.13"]
[Round "2"]
[White "Nozdrachev, Leonid"]
[Black "Bocharov, Dmitry"]
[Result "0-1"]
[WhiteElo "2400"]
[BlackElo "2576"]
[Annotator "TA"]
[PlyCount "84"]
[EventDate "2018.06.21"]
[EventType "swiss"]
[EventCountry "RUS"]
[SourceTitle "playchess.com"]
[Source "ChessBase"]
[SourceQuality "1"]

{[%evp 14,84,25,0,0,0,32,32,32,32,32,32,33,35,35,38,34,35,62,64,56,42,25,14,11,14,18,0,0,0,2,0,0,0,12,0,0,0,0,-20,0,0,0,0,0,-57,-62,-47,0,0,0,0,0,-109,-69,-125,-116,-170,-195,-306,-290,-300,-244,-265,-57,-69,-8,-1620,-1757,-1613,-1613,-1096,-1096]} 1. d4 f5 2. Nc3 Nf6 3. Bg5 d5 4. Bxf6 exf6 5. e3 c6 6. Bd3 Be6 7. Qf3 g6 8. Nge2 {LiveBook: 34 Games. A80: Dutch Defence: Unusual White second moves} h5 (8... Nd7 9. O-O-O Qc7 10. h3 O-O-O 11. g4 fxg4 12. hxg4 Be7 13. Nf4 Bf7 14. Rh6 Nf8 15. Rdh1 Kb8 16. Nce2 Bd6 {½-½ (34) Grischuk,A (2785)-Svidler,P (2746) Riga 2013}) 9. h3 Bf7 10. O-O-O {White is slightly better.} Nd7 11. g4 hxg4 12. hxg4 fxg4 13. Qxg4 f5 14. Qg3 Rxh1 15. Rxh1 Qf6 16. Qc7 $146 ({Predecessor:} 16. f3 O-O-O {1-0 (39) Alvarez,J (2345)-Elissalt Cardenas,H (2415) Isla Guitart 1994}) 16... Rb8 $1 17. Qg3 ({But not} 17. Rh7 Bd6 $11) (17. Kb1 {seems wilder.} Bb4 18. f3 Qd6 19. Qxd6 Bxd6 20. e4) 17... Bd6 18. f4 Ke7 19. Ng1 {[%cal Be2g1,Bg1f3,Bf3d4][%mdl 32]} Rh8 20. Rh3 Rxh3 21. Qxh3 c5 22. Nf3 cxd4 23. Nxd4 Bb4 24. Nde2 Nc5 25. Qh1 Kf8 26. Bb5 a6 27. Nxd5 Bxd5 28. Qxd5 {Hoping for c3.} axb5 29. a3 {[#]} (29. c3 $11) 29... Bxa3 $1 $15 {[%mdl 512]} 30. Nd4 $1 (30. bxa3 Qa1+) 30... Qe7 31. bxa3 {Black must now prevent Qxc5!} Qxe3+ 32. Kb1 b6 33. Nxb5 (33. Qd6+ $11 Kg7 34. Nf3 $1 {[%mdl 512]}) 33... Qxf4 $17 {Threatens to win with ...Qf1+.} 34. Nd6 {[#]} ({Better is} 34. Qd8+ $15 Kg7 35. Qxb6 Qf1+ 36. Ka2 Qc4+ 37. Kb1) 34... Kg7 $1 35. Qf7+ (35. Nc4 $17 {was necessary.}) 35... Kh6 $19 36. Qf6 (36. Qc7 $142 Kh5 37. Qh7+ Qh6 38. Qf7) 36... Kh5 37. Nf7 Qf1+ 38. Ka2 {[%csl Gf7][%cal Rf6g5]} Qc4+ $2 (38... Qg2 $19 39. Qh8+ Kg4 40. Qd4+ f4) 39. Kb1 $1 $15 {[%csl Gf7][%cal Rf6g5]} Qb5+ (39... Qh4 $1 $15 40. Qh8+ Kg4 41. Qd4+ Kh3) 40. Kc1 $2 {[%mdl 8192]} (40. Ka1 $11 Qf1+ 41. Ka2) 40... Qf1+ $19 {Black is clearly winning.} 41. Kb2 Na4+ 42. Ka2 Qc4+ {Precision: White = 47%, Black = 65%.} 0-1

[Event "22nd Alekhine Master 2018"]
[Site "Voronezh"]
[Date "2018.06.13"]
[Round "2"]
[White "Anikonov, Dmitry"]
[Black "Tsydypov, Zhamsaran"]
[Result "0-1"]
[WhiteElo "2394"]
[BlackElo "2522"]
[Annotator "TA"]
[PlyCount "116"]
[EventDate "2018.06.21"]
[EventType "swiss"]
[EventCountry "RUS"]
[SourceTitle "playchess.com"]
[Source "ChessBase"]
[SourceQuality "1"]

{[%evp 20,116,0,0,0,0,7,0,0,-29,0,0,0,0,0,-85,0,0,0,0,0,0,8,2,6,0,8,26,18,13,23,-7,0,17,4,0,11,16,18,0,6,0,0,0,0,0,0,0,0,0,0,0,0,-12,-11,-66,-53,-56,-58,-55,-25,-56,-14,-27,0,0,-4,-21,0,0,0,0,0,0,0,-112,-112,-252,-213,-260,-256,-260,-252,-258,-216,-222,-195,-189,-163,-237,-279,-271,-253,-211,-224,-349,-343,-416,-380]} 1. d4 Nf6 2. c4 e6 3. g3 d5 4. Nf3 Be7 5. Bg2 O-O 6. O-O c6 7. Qc2 b6 8. Nbd2 Bb7 9. e4 Na6 10. cxd5 {E06: Closed Catalan: Early deviations} cxd5 11. e5 {LiveBook: 4 Games} Ne4 12. a3 {The position is equal.} Rc8 13. Qb3 $146 ({Predecessor:} 13. Qd1 Nc7 14. Nb3 Qd7 15. Be3 Ba6 16. Re1 Qa4 17. Nc1 Qxd1 18. Rxd1 {1-0 (46) Xiong,J (2633)-Menezes,C (2408) Bhubaneswar 2016}) 13... Qd7 14. Rd1 Bc6 15. Qe3 Ba4 16. Re1 Bc2 17. Nxe4 (17. Bf1 $11 {remains equal.} Nc7 18. Bd3) 17... Bxe4 (17... dxe4 $17 18. Nd2 f5) 18. Bd2 $11 Nb8 19. Bf1 Nc6 20. Bc3 Na5 21. Nd2 Bf5 22. f4 Rfd8 23. Qf3 Nc4 24. Nxc4 dxc4 25. Rac1 f6 26. g4 Bg6 27. Rcd1 fxe5 28. dxe5 Bd3 29. Kh1 Qd5 30. Qxd5 Rxd5 31. Bxd3 cxd3 32. Re3 Rc4 33. Rexd3 Rxd3 34. Rxd3 Rxf4 {[%mdl 4096] Endgame KRB-KRB} 35. Rd7 Bc5 36. b4 Be3 37. Kg2 (37. Rd8+ $11 Kf7 38. h3) 37... Rxg4+ $15 38. Kf3 Rc4 39. Be1 Bf4 40. Rxa7 Bxe5 41. h3 Bb2 42. b5 Bd4 43. a4 e5 44. Ke4 h5 45. Kd5 Rc5+ 46. Ke4 Rc2 {White must now prevent ...Re2+.} 47. Kf3 (47. Bb4 $11 {keeps the balance.}) 47... Kh7 $17 48. h4 (48. Bh4 $17 {was worth a try.}) 48... Kg6 $19 49. Bb4 Kf5 50. Rf7+ Ke6 51. Re7+ Kf6 $1 52. Ra7 Rc4 53. Bd2 Bc5 54. a5 {[#]} (54. Bg5+ $142 Kf5 55. Ke2) 54... Rc2 $1 {[%cal Rc2d2]} ({Resist} 54... Rxh4 55. axb6 Rh2 56. Be1 $17) 55. Bg5+ Kf5 {( -> ...e4+)} 56. Rf7+ {[#]} Ke6 $1 {[%cal Re6f7]} 57. Rc7 (57. Rxg7 {was called for.} bxa5 58. Ke4 Rc4+ 59. Kd3 Rd4+ 60. Kc2) 57... bxa5 58. b6 {aiming for Be3.} Kd5 {Precision: White = 53%, Black = 64%.} ({Weaker is} 58... Rf2+ 59. Ke4 $17 (59. Kg3 $2 Bd4 $19)) 0-1

[Event "22nd Alekhine Master 2018"]
[Site "Voronezh"]
[Date "2018.06.13"]
[Round "2"]
[White "Shubin, Kirill"]
[Black "Demidov, Mikhail"]
[Result "0-1"]
[WhiteElo "2391"]
[BlackElo "2513"]
[Annotator "TA"]
[PlyCount "66"]
[EventDate "2018.06.21"]
[EventType "swiss"]
[EventCountry "RUS"]
[SourceTitle "playchess.com"]
[Source "ChessBase"]
[SourceQuality "1"]

{[%evp 9,66,25,37,20,38,-35,-30,-96,-97,-126,-113,-185,-179,-187,-195,-195,-77,-102,-98,-148,-62,-120,-123,-136,-87,-179,-177,-160,-125,-131,-119,-349,-319,-266,-164,-172,-145,-184,-161,-229,-161,-250,-238,-230,-224,-210,-205,-918,-919,-764,-733,-1367,-1346,-1280,-1270,-1997,-1583,-1483,-1156]} 1. e4 Nf6 2. e5 Nd5 3. Nc3 c6 (3... Nb6 4. a4 a5 5. d4 d6 6. Nf3 Bg4 7. h3 Bh5 8. g4 Bg6 9. e6 fxe6 10. Ng5 Qd7 11. Qe2 Nc6 12. Nxe6 Nb4 13. Nb5 Rc8 14. Na3 {1-0 (28) Zvjaginsev,V (2660)-Panarin,M (2558) St Petersburg 2015}) 4. Nf3 d6 5. Nxd5 cxd5 6. c3 $146 {B02: Aljechin-Verteidigung (Jagdvariante)} ({Vorgänger:} 6. d4 Nc6 7. Be2 Bg4 8. exd6 e6 9. O-O Bxd6 10. Re1 Qc7 11. h3 Bxf3 12. Bxf3 {½-½ (52) Castellanos Sanchez,C (2299)-Fernandez Garcia,J (2430) Havana 2010}) 6... Nc6 7. exd6 (7. d4 $14) 7... e5 $1 $15 8. c4 (8. Nxe5 $11 {hält das Gleichgewicht.} Nxe5 9. Qe2 Bxd6 10. d4) 8... Qxd6 $17 9. Qb3 Be6 10. d3 (10. cxd5 $17 Bxd5 11. Bc4) 10... O-O-O $19 {zielt auf ...dxc4 ab.} 11. Be3 dxc4 12. dxc4 e4 (12... Qc7 $19 {und Schwarz behält klar die Oberhand.} 13. Bd3 Bb4+ 14. Kf1 Na5 15. Qxb4 Rxd3 16. Bxa7 Rhd8) 13. Nd2 f5 14. g3 Qe5 (14... Be7 $17 15. O-O-O Qc7) 15. a3 ({Günstiger ist} 15. Qb5 $15) 15... g6 16. O-O-O Nd4 17. Qa2 (17. Qc3 $17 {ist wohl besser.}) 17... Bg7 $36 {[%mdl 2048] Schwarz hat starke Initiative.} 18. Nb1 Rd7 19. Nc3 Rhd8 20. Bh3 $2 {[#]} (20. h4 $17) 20... Qc7 21. Bf1 h6 ({Auf keinen Fall} 21... Nf3 22. Rxd7 Qxd7 23. Be2 $17) 22. Kb1 g5 {[%cal Bg6g5,Bg5f4,Bf4e3][%mdl 32] Und weiter mit ...f4 wäre nett.} 23. Rc1 Kb8 24. h4 (24. Nd5 $142 Qe5 25. Rd1) 24... f4 25. gxf4 (25. Nd5 {war nötig.} Bxd5 26. Bxd4) 25... gxf4 26. Nd5 Bxd5 27. cxd5 Qe5 28. Bd2 $2 (28. Bxd4 Qxd4 29. Rc2) 28... e3 {Schwarz steht klar auf Gewinn.} 29. fxe3 fxe3 30. Be1 Qe4+ 31. Ka1 Qxh1 32. Bg3+ Ka8 {[#] Droht stark ...e2.} 33. Qc4 a6 {Precision: Weiß = 29%, Schwarz = 60%.} 0-1

[Event "22nd Alekhine Master 2018"]
[Site "Voronezh"]
[Date "2018.06.14"]
[Round "3"]
[White "Ponkratov, Pavel"]
[Black "Sindarov, Javokhir"]
[Result "0-1"]
[WhiteElo "2622"]
[BlackElo "2449"]
[Annotator "TA"]
[PlyCount "60"]
[EventDate "2018.06.21"]
[EventType "swiss"]
[EventCountry "RUS"]
[SourceTitle "playchess.com"]
[Source "ChessBase"]
[SourceQuality "1"]

{[%evp 10,60,25,15,24,12,10,5,11,-16,-16,-28,-24,-16,-20,-53,-29,-67,-52,-42,-36,-57,-61,-36,-73,-89,-88,-88,-99,-96,-102,-106,-86,-84,-79,-83,-92,-164,-108,-91,-34,-33,-62,-437,-432,-430,-427,-423,-402,-457,-469,-467,-454]} 1. e4 e5 2. Bc4 Nf6 3. d3 Nc6 4. Nf3 Bc5 5. c3 a6 6. Nbd2 Ba7 {C54: Giuoco Piano: 4 c3 Nf6, main lines with 5 d4 and 5 d3} (6... O-O 7. Bb3 Ba7 8. Nc4 d5 9. exd5 Nxd5 10. O-O f6 11. Be3 Nxe3 12. Nxe3+ Kh8 13. Re1 Qd6 14. Nh4 Be6 15. Qh5 Ne7 16. d4 exd4 17. Nc4 Bxc4 18. Bxc4 Qc5 19. Qxc5 Bxc5 20. cxd4 Bb4 21. Re6 {½-½ (21) Ponomariov,R (2687)-Parligras,M (2616) Germany 2018}) 7. a4 O-O 8. O-O d6 {The position is equal.} 9. Re1 Ng4 10. Re2 Kh8 11. b4 f5 12. Ba2 $146 ({Predecessor:} 12. Bb3 fxe4 13. Nxe4 d5 14. Ng3 Rxf3 15. gxf3 Nxh2 16. Bxd5 Qxd5 17. Kxh2 Qxf3 {½-½ (82) Broadway,D (2292)-Malyshev,V (2178) ICCF email 2016}) 12... Ne7 {[%cal Bc6e7,Be7g6,Bg6f4,Bf4e2][%mdl 32]} 13. d4 Ng6 14. h3 {exf5 is the strong threat.} Nf4 15. exf5 Nxe2+ 16. Qxe2 Nh6 17. g4 exd4 18. cxd4 Nxf5 19. gxf5 Bxf5 20. Bb2 Qf6 {[%mdl 1024] Black has strong compensation.} 21. Re1 Qg6+ 22. Kh2 (22. Kh1 Bxh3 23. Rg1 Qh5 $17) 22... Qh6 23. Qf1 (23. Qe7 $17) 23... Bg4 ({Black should try} 23... Rf6 $1 $19 {Threatens to win with ...Qf4+.} 24. Re7 Raf8) 24. Re3 $17 Rae8 ({Black should play} 24... Rf5 $17 {Strongly threatening ...Bxh3!} 25. h4 Rf4) 25. Rxe8 $15 Rxe8 26. Kg3 $2 {[%mdl 8192]} (26. Bc1 $15) 26... Bxf3 $1 $19 27. Nxf3 {[#]} Qg6+ $1 ({And not} 27... Rf8 28. Qd3 $14) 28. Kh2 {[#]} Qc2 $1 {[%csl LRa4,LRb2]} 29. Kg3 Qxb2 30. Qc4 {And now Qf7 would win.} Rf8 {Precision: White = 45%, Black = 65%.} 0-1

[Event "22nd Alekhine Master 2018"]
[Site "Voronezh"]
[Date "2018.06.14"]
[Round "3"]
[White "Kokarev, Dmitry"]
[Black "Domogaev, Sergey"]
[Result "1/2-1/2"]
[WhiteElo "2603"]
[BlackElo "2433"]
[Annotator "TA"]
[PlyCount "133"]
[EventDate "2018.06.21"]
[EventType "swiss"]
[EventCountry "RUS"]
[SourceTitle "playchess.com"]
[Source "ChessBase"]
[SourceQuality "1"]

{[%evp 12,133,0,-4,0,0,0,0,0,0,-2,-6,0,-6,-10,0,0,0,15,-8,10,-1,0,0,39,26,24,26,37,-45,-55,-97,-45,-51,-41,-57,-35,-18,-29,-24,-48,-42,-31,-37,-48,-45,-47,-39,0,-40,0,2,17,12,48,42,45,42,43,27,39,32,36,0,22,22,22,23,41,33,32,31,43,22,22,22,23,0,0,0,0,0,17,17,52,16,15,12,12,14,12,12,12,12,12,12,12,15,15,15,26,26,39,8,8,0,0,0,0,0,0,0,9,-8,-8,-8,-8,-8,-8,-8,0,-8,-8,-8]} 1. c4 Nf6 2. g3 e6 3. Bg2 d5 4. Nf3 Be7 5. O-O O-O 6. cxd5 exd5 7. b3 c6 {A14: English Opening: 1...e6 with b3 by White} 8. Bb2 a5 (8... Bg4 9. h3 Bxf3 10. Bxf3 Nbd7 11. Bg2 Bd6 12. d3 Qe7 13. e4 dxe4 14. dxe4 Rad8 15. Qc2 {0-1 (51) Dzagnidze,N (2507)-Gunina,V (2507) Stary Smokovec 2018}) 9. a3 Bf5 10. d3 Re8 11. Nbd2 $146 ({Predecessor:} 11. Nh4 Be6 12. h3 Na6 13. Nf3 h6 14. Nd4 Bd7 15. e4 {1-0 (62) Borges Rodriguez,J (1912)-Lopez Montero,M (2128) Santa Clara 2017}) 11... Bc5 12. Qc2 Nbd7 13. Nh4 Be6 14. e3 {[%cal Be2e3,Be3e4,Be4e5][%mdl 32]} Rc8 15. h3 b5 16. e4 Qb6 17. Ndf3 h6 18. e5 Nh7 19. d4 Bf8 20. Nh2 ({White should try} 20. Ne1 $14) 20... c5 $1 $15 21. Qd2 cxd4 (21... Ng5 $17 22. g4 cxd4 23. Bxd4 Bc5) 22. N4f3 Bf5 23. Qxd4 Bc5 24. Qxd5 Rcd8 25. Rac1 Be6 26. Qd3 Nxe5 27. Qc3 Nxf3+ 28. Nxf3 {[%csl Gb2][%cal Rc3g7] [#]} Bf8 29. Rfd1 Nf6 30. Nd4 b4 31. axb4 Bxb4 32. Qc6 Rd6 33. Qxb6 Rxb6 34. Nxe6 Rbxe6 35. Bf3 Ne4 36. Rc2 Nc5 37. Bd5 Re2 38. Rxe2 Rxe2 39. Bd4 Re8 40. Kg2 Ne6 41. Be3 Rd8 42. Bf3 Rxd1 43. Bxd1 $11 {[%mdl 4096] Endgame KBB-KBN} Kf8 44. Kf3 Ke7 45. Ke2 Kd6 46. Bc1 h5 47. Kd3 Bc5 48. Bxh5 g6 49. Bd1 {Black must now prevent f4.} Bxf2 50. g4 Ke5 51. Bd2 Nf4+ 52. Kc4 Nxh3 53. Bxa5 Ng5 54. b4 Ne4 55. Bc7+ Nd6+ 56. Kd3 {Bb3 is the strong threat.} Ke6 57. g5 Bh4 {The position is equal.} 58. Bd8 Be1 59. Bg4+ Kd5 60. Ba5 Ke5 61. Bd7 Kf4 62. Bc7 Bxb4 63. Be8 Kxg5 64. Bxd6 $1 Bxd6 65. Bxf7 Kf6 66. Bxg6 Kxg6 67. Ke4 {Precision: White = 57%, Black = 63%.} 1/2-1/2

[Event "22nd Alekhine Master 2018"]
[Site "Voronezh"]
[Date "2018.06.14"]
[Round "3"]
[White "Kokarev, Dmitry"]
[Black "Domogaev, Sergey"]
[Result "*"]
[WhiteElo "2603"]
[BlackElo "2433"]
[Annotator "TA"]
[PlyCount "32"]
[EventDate "2018.06.21"]
[EventType "swiss"]
[EventCountry "RUS"]
[SourceTitle "playchess.com"]
[Source "ChessBase"]
[SourceQuality "1"]

{[%evp 9,10,22,18]} 1. c4 Nf6 2. g3 e6 3. Bg2 d5 4. Nf3 Be7 5. O-O O-O {Predecessor:} 6. b3 $146 c5 7. cxd5 Nxd5 8. Nc3 Nc6 9. Nxd5 exd5 10. d4 Bf6 11. Bb2 Bg4 12. Ne5 Bxe5 13. dxe5 d4 14. Qc2 Qe7 15. f4 Rac8 16. Rae1 Nb4 {1-0 (49) Ding,L (2791)-Cheparinov,I (2702) China 2018} *

[Event "22nd Alekhine Master 2018"]
[Site "Voronezh"]
[Date "2018.06.14"]
[Round "3"]
[White "Pridorozhni, Aleksei"]
[Black "Shinkevich, Vitaly"]
[Result "1-0"]
[WhiteElo "2589"]
[BlackElo "2429"]
[Annotator "TA"]
[PlyCount "118"]
[EventDate "2018.06.21"]
[EventType "swiss"]
[EventCountry "RUS"]
[SourceTitle "playchess.com"]
[Source "ChessBase"]
[SourceQuality "1"]

{[%evp 9,118,35,36,36,52,8,0,-6,10,20,27,0,7,0,11,0,0,8,8,-29,43,4,64,19,39,46,128,56,72,-137,-139,-139,-133,-134,-130,-130,-126,-144,-138,-114,-48,-53,-54,-57,-79,-48,0,0,26,16,16,17,27,-14,22,0,40,41,40,41,252,250,231,203,568,568,563,564,501,501,441,376,684,670,506,253,253,260,201,179,177,84,56,75,174,158,410,410,402,355,828,908,1559,1453,1848,1819,1886,1677,12837,12837,12837,12836,12843,12840,12841,2202,12841,12842,12845,12845,12848]} 1. e4 e5 2. Nf3 Nc6 3. d4 exd4 4. Nxd4 Nge7 5. Bg5 (5. Nc3 Nxd4 6. Qxd4 Nc6 7. Qe3 Bb4 8. Bd2 O-O 9. O-O-O d6 10. a3 Ba5 11. Qg3 f5 12. f4 fxe4 13. Nxe4 Bxd2+ 14. Rxd2 Bf5 15. Bc4+ {1-0 (41) Morozevich,A (2711)-Hjartarson,J (2529) Berlin 2015}) 5... h6 6. Nxc6 {C45: Scotch Game} bxc6 7. Bh4 g5 8. Qd4 $146 {The position is equal.} ({Predecessor:} 8. Bg3 Bg7 9. Nc3 a5 10. Bc4 a4 11. a3 Ba6 12. Bxa6 Rxa6 {0-1 (29) Maslov,Z (1972)-Matas,M (1908) Split 2014}) 8... Rg8 9. Bg3 Bg7 10. Qb4 d6 11. Nd2 Be6 12. c3 Qb8 {Strongly threatening ...Qxb4.} 13. Qa3 Ng6 14. Nc4 Nf4 ({Black should play} 14... h5 $11 15. h3 Qb7) 15. Qa4 Ke7 (15... Qb7 $11) 16. Bxf4 gxf4 17. Qxc6 Bf6 (17... a5 $1 $14) 18. g3 ({Better is} 18. e5 $16 Bxe5 19. g3 (19. Nxe5 Qxb2 20. Rd1 dxe5 $17)) 18... Rg5 $1 $14 {[%cal Rg5c5]} 19. e5 $2 (19. O-O-O $1 $16 {is necessary to keep the advantage.}) 19... Rxe5+ $1 $17 20. Nxe5 Qxb2 21. Rd1 ({Of course not} 21. Qxc7+ $6 Kf8 $11) 21... Bxe5 22. Bg2 Qxc3+ 23. Qxc3 Bxc3+ 24. Ke2 Rb8 (24... Bc4+ $17 25. Kf3 Rb8 26. Kxf4 Rb4) 25. Bd5 $1 $15 Rb2+ 26. Kf3 c5 27. gxf4 Bd4 28. Rhe1 Kf6 29. Bxe6 fxe6 $11 {[%mdl 4096] Endgame KRR-KRB} 30. Re2 {Hoping for Rxb2.} Rb6 31. h4 d5 32. h5 Ra6 33. Rb1 c4 $1 34. Rb8 Bc5 $2 {[#]} ({Black should try} 34... Rc6 $14) 35. Rh8 $1 $18 Kg7 36. Rc8 Be7 $2 {[#]} (36... Ba3 {is a better chance.} 37. f5 Kf6) 37. f5 $1 {[%mdl 512]} Kf6 (37... exf5 38. Rxe7+) 38. Rxe6+ Rxe6 39. fxe6 Kxe6 {KR-KB} 40. Ke3 Bf6 $2 (40... Kd7 41. Rg8 Bf6) 41. Rc6+ Kf5 42. Rc5 Ke5 43. f4+ {[%cal Bf2f4,Bf4f5][%mdl 32]} Kd6 {[#]} 44. Ra5 $1 {[%cal Ra5a6] Black must now prevent Ra6+.} Bd8 45. Rb5 (45. Ra6+ $18 {is more deadly.} Bb6+ 46. Kd2) 45... Bb6+ $16 46. Kf3 $1 Kc6 (46... d4 $16 {might work better.} 47. Ke4 d3) 47. a4 {[%cal Ba2a4,Ba4a5][%mdl 32]} Bc7 $2 (47... d4 $16) 48. f5 $18 Be5 49. Ke2 Bc3 $2 (49... Kd6 50. Ra5 d4 51. Ra6+ (51. Rxa7 d3+ 52. Kd2 Bf4+ 53. Kc3 Be5+ 54. Kd2 Bf4+ 55. Kc3 Be5+ 56. Kd2 $11) 51... Kd5) 50. Kd1 {White is clearly winning.} Kd6 51. Rb7 Bd4 52. a5 Ke5 53. Rh7 Kxf5 54. Rxh6 Bf6 55. Rh7 d4 56. Rc7 c3 57. Kc2 Ke4 58. Rd7 Bg5 59. Rxa7 Kd5 {Precision: White = 60%, Black = 36%.} 1-0

[Event "22nd Alekhine Master 2018"]
[Site "Voronezh"]
[Date "2018.06.14"]
[Round "3"]
[White "Timofeev, Artyom"]
[Black "Drygalov, Sergey"]
[Result "1-0"]
[WhiteElo "2583"]
[BlackElo "2428"]
[Annotator "TA"]
[PlyCount "93"]
[EventDate "2018.06.21"]
[EventType "swiss"]
[EventCountry "RUS"]
[SourceTitle "playchess.com"]
[Source "ChessBase"]
[SourceQuality "1"]

{[%evp 29,93,40,60,34,31,18,30,33,43,20,34,24,54,48,53,49,89,73,118,107,152,153,163,165,162,135,177,189,314,410,400,418,428,428,410,392,598,573,827,807,839,703,1043,1040,1035,1029,1019,901,1375,1358,1308,1268,954,743,737,737,730,722,689,675,760,733,943,906,29987,29988]} 1. Nf3 d5 2. d4 Nf6 3. c4 c6 4. Nc3 e6 5. e3 Nbd7 6. Bd3 dxc4 7. Bxc4 b5 8. Bd3 Bb7 9. O-O a6 10. e4 c5 11. d5 c4 12. Bc2 Qc7 13. dxe6 fxe6 14. Ne2 {D48: Semi-Slav: Meran System: 7...b5 8 Bd3 a6} Bd6 (14... Nc5 15. Bf4 Qd7 16. Qxd7+ Nfxd7 17. Ned4 Be7 18. b4 cxb3 19. axb3 b4 20. Rfe1 O-O 21. Bc7 g6 {½-½ (40) Radjabov,T (2748)-Karjakin,S (2778) Shamkir 2018}) 15. Ned4 Nc5 {LiveBook: 5 Games} 16. a4 {White is slightly better.} b4 17. Qe2 {[#] Black must now prevent e5.} e5 18. Nf5 Ncxe4 19. Nxd6+ Qxd6 20. Qxc4 Rc8 $146 ({Predecessor:} 20... Bd5 21. Qe2 O-O {1-0 (33) Afanasiev,D (2129)-Averchenko,S (2335) Khanty-Mansiysk 2012}) 21. Qe2 O-O 22. Be3 Kh8 23. Rac1 Nc5 24. Rfd1 Qe7 25. Bf5 Ncd7 26. Rxc8 Rxc8 27. Bg5 $36 {[%mdl 2048] aiming for Rxd7! Keeping Black busy.} Rc7 28. h3 h6 (28... Qe8 $142 29. Rd6 e4) 29. Bxf6 $18 Nxf6 30. Nxe5 {White wants to mate with Ng6+.} Kg8 31. Bg6 Rc5 32. f4 ({Less strong is} 32. Bf7+ Kh7 $18) 32... Rc8 (32... Kf8 {was worth a try.} 33. Bc2 Qc7) 33. Kh2 Qc7 34. Rd4 Rf8 35. Bd3 Qc5 36. Bc4+ Bd5 {[#]} 37. Rxd5 $1 {[%mdl 512]} Nxd5 38. Ng6 Kf7 39. Qe4 Rd8 40. Qf5+ Ke8 41. Qe6+ Ne7 42. Qf7+ Kd7 43. Be6+ Kc7 44. Nxe7 Kb6 45. Nd5+ Ka5 46. b3 Qd6 47. Ne3 {Precision: White = 95%, Black = 32%.} 1-0

[Event "22nd Alekhine Master 2018"]
[Site "Voronezh"]
[Date "2018.06.14"]
[Round "3"]
[White "Bocharov, Dmitry"]
[Black "Triapishko, Alexandr"]
[Result "1/2-1/2"]
[WhiteElo "2576"]
[BlackElo "2513"]
[Annotator "TA"]
[PlyCount "81"]
[EventDate "2018.06.21"]
[EventType "swiss"]
[EventCountry "RUS"]
[SourceTitle "playchess.com"]
[Source "ChessBase"]
[SourceQuality "1"]

{[%evp 19,81,0,0,0,28,10,10,16,15,0,26,0,0,0,0,0,1,0,0,0,0,0,11,3,4,0,0,-14,-16,-14,25,27,25,37,31,35,92,0,0,0,10,0,0,0,0,0,0,0,0,0,0,0,0,0,0,0,0,0,0,0,0,0,0,-95]} 1. Nf3 Nf6 2. g3 g6 3. b3 b6 4. Bb2 Bg7 5. d4 Bb7 6. Bg2 O-O 7. c4 c5 8. O-O cxd4 9. Qxd4 Nc6 10. Qf4 d5 {LiveBook: 4 Games} 11. Rd1 {A30: Symmetrical English: Double Fianchetto and Hedgehog} Qb8 12. Qxb8 $146 ({Predecessor:} 12. cxd5 Qxf4 13. gxf4 Nb4 14. d6 exd6 15. Na3 d5 16. Nb5 Ba6 17. Nbd4 Rfc8 18. Bh3 Rc7 {0-1 (43) Berkes,F (2614)-Sokolov,A (2583) Aghia Pelagia 2004}) 12... Raxb8 13. cxd5 Nb4 14. Nc3 {aiming for Ne5.} Ne4 15. Nd4 (15. Ne5 $5 Nxf2 16. Kxf2 Bxe5 17. a3 $11) 15... Nxc3 16. Bxc3 Nxd5 17. Bb2 Nb4 18. Rd2 Bxg2 19. Kxg2 Rfc8 20. a4 Nd5 21. Rad1 e6 22. e3 a6 23. Ne2 Bxb2 24. Rxb2 Nc3 25. Nxc3 Rxc3 $11 {[%mdl 4096] Endgame KRR-KRR} 26. Rd7 b5 {White should prevent ...bxa4.} 27. a5 Rbc8 {[#]} (27... Ra8 $14) 28. Rd6 ({Better is} 28. Ra7 $1 $16) 28... R8c6 {The position is equal.} 29. Rbd2 b4 30. Rxc6 Rxc6 {KR-KR} 31. Rd4 Rc5 32. Rxb4 {Threatens to win with Rb8+.} Rxa5 33. Rb6 Kg7 34. b4 Ra2 35. b5 axb5 36. Rxb5 h5 37. h3 Kf6 38. g4 hxg4 39. hxg4 g5 40. Kf3 Kg6 41. Ke4 {Precision: White = 58%, Black = 64%.} (41. Rb8 $11) 1/2-1/2

[Event "22nd Alekhine Master 2018"]
[Site "Voronezh"]
[Date "2018.06.14"]
[Round "3"]
[White "Tsydypov, Zhamsaran"]
[Black "Afanasiev, Nikita"]
[Result "1/2-1/2"]
[WhiteElo "2522"]
[BlackElo "2460"]
[Annotator "TA"]
[PlyCount "80"]
[EventDate "2018.06.21"]
[EventType "swiss"]
[EventCountry "RUS"]
[SourceTitle "playchess.com"]
[Source "ChessBase"]
[SourceQuality "1"]

{[%evp 17,80,31,49,37,36,40,32,43,65,62,70,54,54,50,51,68,68,65,68,45,63,8,51,38,47,52,54,50,43,44,55,55,55,55,52,52,53,54,54,38,33,12,16,0,0,0,0,0,0,-6,-3,-6,-4,-4,0,-2,0,0,0,0,0,0,0,0,0]} 1. e4 d5 2. exd5 Qxd5 3. Nc3 Qd6 4. Nf3 g6 5. d4 Nf6 6. Nb5 {B01: Scandinavian Defence} (6. Bc4 Bg7 7. h3 O-O 8. O-O a6 9. a4 c5 10. d5 Nbd7 11. Qe2 Nb6 12. Rd1 Nxc4 13. Qxc4 Bf5 14. Be3 Rfc8 15. a5 b5 16. axb6 Qxb6 17. Na4 Qb5 18. Qxb5 {½-½ (18) Zhigalko,S (2641)-Rakhmanov,A (2653) Riadh 2017}) 6... Qb6 7. c4 c6 8. Nc3 Bg7 9. Be2 Bg4 {LiveBook: 3 Games} 10. a3 O-O 11. Be3 Nbd7 12. O-O Rfd8 13. h3 Bxf3 $146 14. Bxf3 Qc7 15. Rc1 Rac8 16. Qb3 Qb8 17. Rfd1 a6 18. a4 Ne8 19. Re1 (19. g4 $14) 19... Nd6 20. g4 $1 b5 21. axb5 axb5 22. cxb5 Nxb5 23. Nxb5 Qxb5 24. Qxb5 cxb5 25. Rxc8 Rxc8 26. Ra1 e6 27. Ra7 Rd8 28. Rb7 Nf8 $1 29. Rxb5 Bxd4 {The position is equal.} 30. g5 Bxe3 31. fxe3 $11 {[%mdl 4096] Endgame KRB-KRN} h6 32. gxh6 Kh7 33. Rb7 Nd7 34. b4 Ne5 35. Be2 Rd2 36. Kf1 Rb2 37. Rb5 Nc6 38. Rb7 Ne5 39. Rb5 Nc6 40. Rb7 Ne5 {Precision: White = 78%, Black = 66%.} 1/2-1/2